000 00764cam a2200217 4500
001 WB3603-28
008 000000n2000 000 0 eng u
035 _a(Sirsi) u103685
245 _aGM move could hit land prices
260 _c2000
490 _aFarmers Guardian
_v14 January 2000, 1(1)
520 _aTesco's plans to only buy produce grown on land which has not been previously used for genetically modified crops has led to renewed calls from the RICS for a register of land which has been used to for GM trials.
590 _aWB
650 _aGENETICALLY MODIFIED CROPS
650 _aGENETICALLY MODIFIED TRIALS
650 _aREGISTER
650 _aLand use
_96251
650 _aTESCO
690 _aRURAL-AGRICULTURE AND FORESTRY
942 _n0
999 _c62262
_d62262